000 00429nam a2200157Ia 4500
008 230711s9999||||xx |||||||||||||| ||und||
041 _aENG
082 _a624
_bRA-I
100 _aRangwala,S.C
245 4 _aThe fundamental principles of irrigation and water power
250 _a10th Ed.
260 _c1987
_aNew delhi
_bCharotar Publishing House PVT.LTD
650 _aCivil Engineering
700 _aPriyani, V.B.
942 _cBK
999 _c2265
_d2265